[Event "FRA-ch U18 Girls"]
[Site "Agen"]
[Date "2024.04.20"]
[Round "8"]
[White "Yaghi, Leen"]
[Black "Boghossian, Lucie"]
[Result "1-0"]
[WhiteElo "1941"]
[BlackElo "1764"]
[PlyCount "57"]
[EventDate "2024.04.14"]
[EventType "swiss"]
[EventRounds "9"]
[EventCountry "FRA"]
[SourceTitle "EXT 2025"]
[Source "ChessBase"]
[SourceDate "2024.10.14"]
[SourceVersion "1"]
[SourceVersionDate "2024.10.14"]
[SourceQuality "1"]

1. d4 Nf6 2. c4 g6 3. Nc3 Bg7 4. e4 d6 5. f3 0-0 6. Bg5 h6 7. Be3 e5 8. d5 a5 9. Qd2 Na6 10. h4 Kh7 11. Bd3 Nc5 12. Nh3 Rh8 13. 0-0-0 Bd7 14. g4 Kg8 15. g5 Nh5 16. Nf2 Qf8 17. Rdg1 f5 18. gxh6 Bxh6 19. Rxg6+ Bg7 20. exf5 Nxd3+ 21. Nxd3 Bxf5 22. Rg5 Qf6 23. Ne4 Qf7 24. Rhg1 Rh7 25. R5g2 Rh8 26. Bh6 Kf8 27. Bxg7+ Nxg7 28. Rxg7 Qh5 29. Qg5 1-0

[Event "FRA-ch U16 Girls"]
[Site "Agen"]
[Date "2022.04.18"]
[Round "3"]
[White "Boghossian, Lucie"]
[Black "Deladerriere, Calypso"]
[Result "0-1"]
[WhiteElo "1396"]
[BlackElo "1716"]
[PlyCount "86"]
[EventDate "2022.04.16"]
[EventType "swiss"]
[EventRounds "9"]
[EventCountry "FRA"]
[SourceTitle "EXT 2023"]
[Source "ChessBase"]
[SourceDate "2022.10.05"]
[SourceVersion "1"]
[SourceVersionDate "2022.10.05"]
[SourceQuality "1"]

1. e4 Nc6 2. Nc3 e5 3. g3 Nf6 4. Bg2 Bc5 5. Nge2 d6 6. 0-0 Be6 7. h3 Qd7 8. Kh2 0-0-0 9. d3 Rdg8 10. f4 g6 11. Na4 Ne8 12. Nxc5 dxc5 13. fxe5 Nxe5 14. Nf4 Nd6 15. Nxe6 Qxe6 16. Bg5 Re8 17. Bf6 Rhg8 18. Bg5 h6 19. Rf6 Qd7 20. Be3 Qe7 21. Rf2 Nb5 22. Qd2 Rd8 23. b3 g5 24. Raf1 g4 25. h4 Nd4 26. Bxd4 cxd4 27. Qxh6 Rd6 28. Qd2 Kb8 29. Rf5 Rdg6 30. Qf4 Re6 31. Rf6 Nf3+ 32. Rxf3 gxf3 33. Rxe6 fxe6 34. Bxf3 e5 35. Qd2 Qf6 36. Bd1 Qf1 37. Qe2 Qf6 38. Qd2 Rf8 39. Kh3 Qf1+ 40. Qg2 Qxd1 41. g4 Rf3+ 42. Kh2 Rf4 43. Kh3 Qe1 0-1